logo

Bir Sreshtho Munshi Abdur Rouf Library
Jhenaidah Cadet College

College physical science / (Record no. 8428)

MARC details
000 -LEADER
fixed length control field 00830cam a2200277 4500
001 - CONTROL NUMBER
JCCL Control Number 8428
003 - CONTROL NUMBER IDENTIFIER
JCCL marc code BD-JhCC
005 - DATE AND TIME OF LATEST TRANSACTION
control field 20180419185235.0
008 - FIXED-LENGTH DATA ELEMENTS--GENERAL INFORMATION
fixed length control field 690414s1969 nyua b 001 0 eng
035 ## - SYSTEM CONTROL NUMBER
system control number (BD-JhCC)8428
040 ## - CATALOGING SOURCE
Original cataloging agency DLC
Transcribing agency DLC
Modifying agency DLC
041 ## - LANGUAGE CODE
Language code of Book eng
050 00 - LIBRARY OF CONGRESS CALL NUMBER
Classification number Q160
Item number .M5 1969
082 00 - DEWEY DECIMAL CLASSIFICATION NUMBER
Classification number 500.2
Author mark and Year MIL 1969
100 1# - MAIN ENTRY--PERSONAL NAME
Personal name Miles, Vaden Willis,
Dates associated with a name 1911-
245 10 - TITLE STATEMENT
Title College physical science /
Statement of responsibility, etc Vaden W. Miles, G. Ray Sherwood [and] Willard H. Parsons.
250 ## - EDITION STATEMENT
Edition statement 2d ed.
260 ## - PUBLICATION, DISTRIBUTION, ETC. (IMPRINT)
Place of publication, distribution, etc New York,
Name of publisher, distributor, etc Harper & Row
Date of publication, distribution, etc [1969]
300 ## - PHYSICAL DESCRIPTION
Pagination x, 530 p.
Other physical details illus. (part col.)
Dimensions 27 cm.
504 ## - BIBLIOGRAPHY, ETC. NOTE
Bibliography, etc Includes bibliographies.
650 #0 - SUBJECT ADDED ENTRY--TOPICAL TERM
Topical term or geographic name as entry element Physical sciences.
700 1# - ADDED ENTRY--PERSONAL NAME
Personal name Sherwood, George Ray,
Dates associated with a name 1896-
700 1# - ADDED ENTRY--PERSONAL NAME
Personal name Parsons, Willard Hall,
Dates associated with a name 1911-
942 ## - ADDED ENTRY ELEMENTS (KOHA)
Source of classification or shelving scheme Dewey Decimal Classification
Koha item type Books
Holdings
Source of classification or shelving scheme Damaged status Not for loan Home library Current library Shelving location Date of accession Total Checkouts Full call number Barcode Date last seen Copy number Koha item type
Dewey Decimal Classification     JCC Rouf Library JCC Rouf Library General Stacks 02/24/2018   500.2 MIL 1969 10905 02/24/2018 C - 1 Books

JCC Library | Contacts | JCC Home

Last Update on 23 September 2017
Copyright @ 2017-2020 JCC Rouf Library
Rouf Library, Jhenidah Cadet College (JCC), Bangladesh